000 01384nam a2200361 a 4500
001 ebr10369688
003 CaPaEBR
006 m u
007 cr cn|||||||||
008 000721s2000 enk sb 001 0 eng d
010 _z 00698021
020 _z0761963677
020 _z0761963685 (pbk.)
020 _z9780761963677
020 _z9781848609044 (e-book)
040 _aCaPaEBR
_cCaPaEBR
035 _a(OCoLC)607531028
050 1 4 _aBJ1451
_b.B355 2000eb
082 0 4 _a302/.1
_221
100 1 _aBarnes, Barry.
245 1 0 _aUnderstanding agency
_h[electronic resource] :
_bsocial theory and responsible action /
_cBarry Barnes.
260 _aLondon ;
_aThousand Oaks, Calif. :
_bSage,
_c2000.
300 _axii, 163 p.
504 _aIncludes bibliographical references (p. [156]-160) and index.
505 0 _apt. 1. Materials and arguments -- pt. 2. Speculations and evaluations.
533 _aElectronic reproduction.
_bPalo Alto, Calif. :
_cebrary,
_d2013.
_nAvailable via World Wide Web.
_nAccess may be limited to ebrary affiliated libraries.
650 0 _aResponsibility.
650 0 _aAgent (Philosophy)
650 0 _aSociology
_xPhilosophy.
655 7 _aElectronic books.
_2local
710 2 _aebrary, Inc.
856 4 0 _uhttp://site.ebrary.com/lib/rucke/Doc?id=10369688
_zAn electronic book accessible through the World Wide Web; click to view
999 _c213379
_d213379